000 00211nam a22000857a 4500
008 170128b xxu||||| |||| 00| 0 eng d
100 _92618
_aSaharwal.S.S.
245 _aMathematics-2
260 _aNew Delhi
_bNCERT
_c2011
999 _c5756
_d5756